Catalog

Record Details

Catalog Search



The life of Christ /  F. W. Farrar ; edited by Halcyon Backhouse Cover Image Book Book

The life of Christ /  F. W. Farrar ; edited by Halcyon Backhouse

Farrar, Frederic W. (Author). Backhouse, Halcyon (Added Author).

Record details

  • ISBN: 0-340-51358-6
  • Physical Description: x + 368 p.
  • Publisher: London Hodder and Stoughton 1989

Available copies

  • 2 of 2 copies available at Common Catalog SPOK.

Holds

  • 0 current holds with 2 total copies.
Show Only Available Copies
Location Call Number / Copy Notes Barcode Shelving Location Status Due Date
ETS Library 232 424470007059 Volný výběr Available -
ETS Library 232 424470019315 Volný výběr Available -

LDR 00776nam a2 00265
00134351
003CZ-PrJAB
00520220315202858.0
008020206s1989 xxu e |||| |eng
009us
020 . ‡a0-340-51358-6
035 . ‡a(CONS)5397
035 . ‡aKPS1781
041 . ‡aeng
08214. ‡a232
100 . ‡7461 ‡aFarrar, Frederic W.
245 . ‡aThe life of Christ /  ‡nF. W. Farrar ; edited by Halcyon Backhouse
260 . ‡aLondon ‡bHodder and Stoughton ‡c1989
300 . ‡ax + 368 p.
490 . ‡aHodder and Stoughton christian classics
653 . ‡aThe life of Christ
700 . ‡75053 ‡aBackhouse, Halcyon
8524 . ‡bETS ‡bETS ‡cVolný výběr ‡j232 ‡gA ‡p424470007059
8524 . ‡bETS ‡bETS ‡cVolný výběr ‡j232 ‡gA ‡p424470000462
910 . ‡aABG450
999 . ‡a5397 ‡bAUTOGEN ‡c5397 ‡tbiblio
905 . ‡uadmin
901 . ‡a34351 ‡b ‡c34351 ‡tbiblio ‡sets

Additional Resources